| 000 | 00514nam a22001937a 4500 | ||
|---|---|---|---|
| 003 | MPLRDC | ||
| 005 | 20220104144208.0 | ||
| 008 | 210129b ||||| |||| 00| 0 eng d | ||
| 020 | _a986-417-156-9 | ||
| 082 | _a859.4 PHI v.1 | ||
| 100 | _aNEIL PHILIP编写 | ||
| 245 |
_a睡美人 _cNILESH MISTRY绘图; 周思芸译 |
||
| 250 | _a第一版 | ||
| 260 |
_a台湾 _b天下远见文化事业群 _c2003 |
||
| 300 | _b45 | ||
| 490 | _a文学馆. A01 | ||
| 650 | _a英国儿童文学 | ||
| 942 |
_cBK _o859.4 PHI v.1 |
||
| 999 |
_c47306 _d47296 |
||